Clip art : image enhancement and integration

Bibliographic Details
Main Author: Glover, Gary
Format: Book
Published: New York : McGraw-Hill , 1994
Subjects:

MARC

LEADER 00000cam a2200000 7i4500
001 0000002427
002 000002644
005 20000330.0
020 |a 0830642617 
090 0 0 |a 006.686   |b GLO 
100 1 |a Glover, Gary 
245 1 0 |a Clip art :   |b image enhancement and integration   |c Gary Glover 
260 |a New York :   |b McGraw-Hill ,   |c 1994 
300 |a 296 p. ;   |c 24 cm. 
650 0 0 |a Clip art   |x Data processing 
999 |a 036111   |b BUKU   |c PINJAMAN   |e PERPUSTAKAAN KOMUNITI PETALING JAYA 
999 |a 036112   |b BUKU   |c PINJAMAN   |e PERPUSTAKAAN KOMUNITI PETALING JAYA